| 000 | 00919nam a22002057a 4500 | ||
|---|---|---|---|
| 999 |
_c57119 _d57119 |
||
| 003 | Ge_BSU | ||
| 005 | 20191121163339.0 | ||
| 008 | 191121s2018 ge ||||| |||| 00| 0 geo d | ||
| 020 | _a9789941277887 | ||
| 041 | _ageo | ||
| 080 | _a930(479.22)(092)+821.353.1-83 ს-28 | ||
| 100 |
_aსართანია, დავით. _95502 |
||
| 245 |
_aსაუბრები ივანე ჯავახიშვილთან _bკრებული / _cდავით სართანია ; რედ. ოთარ ჯანელიძე. |
||
| 264 |
_aთბილისი, _c2018. |
||
| 300 |
_a100 გვ. ; _c 20 სმ. |
||
| 653 | _aისტორიული მეცნიერება | ||
| 700 |
_aჯანელიძე, ოთარ _eრედაქტორი _91743 |
||
| 710 |
_eივანე ჯავახიშვილის ცენტრი _95503 |
||
| 942 |
_2udc _cBK |
||